[Event "2024 North Island Championships"]
[Site "Wellington NZL"]
[Date "2024.03.30"]
[Round "4.41"]
[White "Cao, Sam"]
[Black "Addagada, Janvi"]
[Result "0-1"]
[WhiteElo "1048"]
[BlackElo "866"]
[WhiteFideId "4325591"]
[BlackFideId "4320670"]
[PlyCount "0"]
[EventDate "2024.03.29"]
[SourceDate ""]

1. e4 d6 2. d4 Nf6 3. Nc3 g6 4. Bc4 Bg7 5. Nf3 Bg4 6. h3 Bxf3 7. Qxf3 O-O 8.
O-O Nc6 9. Qd1 e5 10. d5 Nd4 11. Be3 Nd7 12. Re1 f5 13. exf5 Rxf5 14. Rc1 Qh4
15. Rf1 Bh6 16. Bxh6 Qxh6 17. Bd3 Rg5 18. Ne4 Rh5 19. c3 Nf5 20. Bb5 Rh4 21.
Bxd7 Rxe4 22. Qf3 Rf4 23. Qd3 e4 24. Qb5 Rb8 25. Bc6 Qg5 26. Bxb7 Nh4 27. g3
Nf3+ 28. Kg2 Nh4+ 29. Kg1 Rbf8 30. Rc2 Rf3 31. Re1 Rxf2 32. Rxf2 Qxg3+ 33. Kh1
Rxf2 0-1

[Event "2024 North Island Championships"]
[Site "Wellington NZL"]
[Date "2024.03.30"]
[Round "4.42"]
[White "He, Jacob"]
[Black "Zhang, Cynthia"]
[Result "1-0"]
[WhiteElo "1021"]
[BlackElo "623"]
[PlyCount "61"]
[EventDate "2024.03.29"]

1. e4 e5 2. Nf3 Nc6 3. Bc4 h6 4. Nc3 Nf6 5. O-O Bc5 6. h3 O-O 7. Nd5 d6 8.
Nxf6+ Qxf6 9. a3 a6 10. b4 Ba7 11. Bb2 Qg6 12. Nh4 Qf6 13. Qh5 Be6 14. Bxe6
fxe6 15. Nf3 Nd4 16. Nxd4 exd4 17. Rae1 e5 18. d3 c5 19. bxc5 dxc5 20. Qg4 c4
21. Bc1 Kh8 22. f4 cxd3 23. fxe5 Qxe5 24. cxd3 Bb8 25. Rxf8+ Kh7 26. Bf4 Qa5
27. Rf1 Qb5 28. Rf7 Be5 29. Bxe5 Qxe5 30. R1f5 Qd6 31. Qxg7# 1-0

[Event "2024 North Island Championships"]
[Site "Wellington NZL"]
[Date "2024.03.30"]
[Round "4.43"]
[White "Hao, John"]
[Black "Liang, Nancy"]
[Result "1-0"]
[WhiteElo "986"]
[BlackElo "265"]
[WhiteFideId "0"]
[BlackFideId "4325087"]
[PlyCount "0"]
[EventDate "2024.03.29"]
[SourceDate ""]

1. e4 e6 2. d4 d5 3. Nc3 dxe4 4. Nxe4 Nc6 5. Nf3 Be7 6. Bc4 Nf6 7. Nc3 Bd6 8.
O-O O-O 9. Bg5 Bd7 10. Ne4 Be7 11. Nxf6+ Bxf6 12. Bf4 Re8 13. d5 exd5 14. Qxd5
Be6 15. Qxd8 Rexd8 16. Bxe6 fxe6 17. Bxc7 Rdc8 18. Bf4 Bxb2 19. Rab1 Bf6 20.
Rxb7 e5 21. Bg5 Rab8 22. Rxb8 Rxb8 23. Rd1 Nd4 24. Bxf6 gxf6 25. Nxd4 exd4 26.
h3 Rb2 27. Rxd4 Rxa2 28. c4 Rc2 29. Rd8+ Kg7 30. Rc8 a5 31. Ra8 Rxc4 32. Rxa5
Rc1+ 33. Kh2 Rc2 34. f4 Rf2 35. Kg3 Rc2 36. Kf3 Rc3+ 37. Kg4 Rc2 38. g3 Kg6 39.
f5+ Kh6 40. Ra6 Rc4+ 41. Kf3 Kg7 42. g4 Rc3+ 43. Kf4 Rxh3 44. Ra7+ Kg8 45. g5
Rh4+ 46. Kg3 fxg5 47. f6 Rf4 48. Rg7+ Kh8 49. f7 $4 Kxg7 50. Kg2 Rxf7 51. Kg3
h5 52. Kh3 g4+ 53. Kg3 Rf3+ 1-0

[Event "2024 North Island Championships"]
[Site "Wellington NZL"]
[Date "2024.03.30"]
[Round "5.1"]
[White "Winsley, Nicholas"]
[Black "Ker, Anthony F"]
[Result "0-1"]
[WhiteElo "1871"]
[BlackElo "2217"]
[WhiteFideId "4315146"]
[BlackFideId "4300084"]

1. e4 c5 2. Nf3 g6 3. d4 cxd4 4. Nxd4 Nc6 5. c4 Nf6 6. Nc3 d6 7. Be2 Nxd4 8.
Qxd4 Bg7 9. Be3 O-O 10. Qd2 Be6 11. Rc1 Qa5 12. O-O Rfc8 13. b3 a6 14. f3 b5
15. Nd5 Qxd2 16. Bxd2 Nxd5 17. cxd5 Bd4+ 18. Kh1 Bd7 19. Rxc8+ Rxc8 20. Rc1
Rxc1+ 21. Bxc1 Kg7 22. g4 e6 23. dxe6 fxe6 24. f4 e5 25. Kg2 Kf6 26. h4 exf4
27. Bxf4 Ke6 28. Kf3 Bc6 29. Bd3 Bf6 30. Bg3 h6 31. Be1 Bd8 32. Ke3 g5 33. hxg5
Bxg5+ 34. Kd4 Bd8 35. Bd2 Bf6+ 36. Ke3 Bg5+ 37. Ke2 Bxd2 38. Kxd2 Ke5 39. Ke3
b4 40. Bc2 a5 41. Bd3 a4 42. bxa4 Bxa4 43. Bc4 Bd1 44. g5 hxg5 45. Bf7 Bg4 0-1

[Event "2024 North Island Championships"]
[Site "Wellington NZL"]
[Date "2024.03.30"]
[Round "5.2"]
[White "Croad, Nicolas"]
[Black "Winter, Ryan"]
[Result "1-0"]
[WhiteElo "2209"]
[BlackElo "2037"]
[WhiteFideId "4300793"]
[BlackFideId "4306295"]

1. d4 Nf6 2. c4 e6 3. Nf3 d5 4. Nc3 Bb4 5. Bg5 h6 6. Bxf6 Qxf6 7. Qa4+ Nc6 8.
Ne5 O-O 9. Nxc6 Bxc3+ 10. bxc3 Bd7 11. Qa5 Bxc6 12. Qxc7 dxc4 13. e3 Rac8 14.
Qf4 Qxf4 15. exf4 b5 16. f3 Rfd8 17. a3 Re8 18. Kf2 Rc7 19. Be2 Rce7 20. h4 f6
21. Rhe1 e5 22. fxe5 fxe5 23. dxe5 Rxe5 24. Bf1 Kf7 25. Rxe5 Rxe5 26. Rd1 Ke7
27. f4 Re4 28. g3 Re6 29. Be2 Be8 30. Re1 Kd6 31. g4 Kc5 32. g5 hxg5 33. fxg5
a5 34. h5 b4 35. axb4+ axb4 36. cxb4+ Kxb4 37. Rb1+ Kc5 38. Rb7 Bxh5 39. Bxh5
g6 40. Rc7+ Kd6 41. Rxc4 Re5 42. Bxg6 Rxg5 43. Ra4 Ke5 44. Be4 Kf4 45. Bf3+ Ke5
46. Ke3 Rg1 47. Ra5+ Ke6 48. Kf4 Kd6 49. Rd5+ Ke6 50. Rc5 Rf1 51. Rc6+ Kd7 52.
Ra6 Rf2 53. Ke3 Rb2 54. Be4 Kc7 55. Kd4 Rb6 56. Ra8 Kd6 57. Bd5 Rb2 58. Ra6+
Kd7 59. Ke5 Re2+ 60. Be4 Ke7 61. Ra7+ Ke8 62. Rh7 Re1 63. Rb7 Re2 64. Kd5 Kf8
65. Bf5 Re7 66. Rb8+ Kf7 67. Rb6 Re1 68. Bg4 Ke7 69. Rh6 Kf7 70. Bf5 Ke7 71.
Be4 Re2 72. Re6+ Kd7 73. Re5 Rd2+ 74. Kc5 Rd1 75. Bc6+ Kc7 76. Re7+ Kd8 77. Ra7
Rd2 78. Bd5 Ke8 79. Kd6 Kf8 80. Rf7+ Ke8 81. Rg7 Rf2 82. Rg1 Rf4 83. Ke6 Kd8
84. Rc1 Ra4 85. Bb7 Ke8 1-0

[Event "2024 North Island Championships"]
[Site "Wellington NZL"]
[Date "2024.03.30"]
[Round "5.3"]
[White "Van der Hoorn, Thomas"]
[Black "Young, Cohen"]
[Result "1/2-1/2"]
[WhiteElo "1874"]
[BlackElo "1914"]
[WhiteFideId "4314565"]
[BlackFideId "4317440"]

1. d4 Nf6 2. Nf3 d5 3. e3 c5 4. c3 e6 5. Bd3 Nbd7 6. Nbd2 b6 7. e4 dxe4 8. Nxe4
Bb7 9. Qe2 Nxe4 10. Bxe4 Bxe4 11. Qxe4 Rc8 12. O-O Be7 13. Re1 O-O 14. Bf4 Nf6
15. Qe2 Nd5 16. Bg3 Bd6 17. Bxd6 Qxd6 18. Rad1 c4 19. Ne5 b5 20. g3 Rc7 21. a4
b4 22. Nxc4 Qe7 23. Ne3 Nxe3 24. Qxe3 bxc3 25. bxc3 Qa3 1/2-1/2

[Event "2024 North Island Championships"]
[Site "Wellington NZL"]
[Date "2024.03.30"]
[Round "5.4"]
[White "Ha, Timothy Huy Minh"]
[Black "Dive, Russell J"]
[Result "0-1"]
[WhiteElo "1808"]
[BlackElo "2192"]
[WhiteFideId "12417246"]
[BlackFideId "4300106"]

1. d4 Nf6 2. c4 e6 3. Nf3 Bb4+ 4. Bd2 a5 5. a3 Bxd2+ 6. Nbxd2 d5 7. e3 O-O 8.
Bd3 c5 9. O-O cxd4 10. Nxd4 e5 11. Nb5 e4 12. Bc2 Bg4 13. Qe1 Qb6 14. a4 Na6
15. Rc1 Nb4 16. Bb1 Rac8 17. b3 Be6 18. Qe2 Rfd8 19. Nd4 Bg4 20. f3 exf3 21.
gxf3 Bh3 22. Rf2 dxc4 23. Rxc4 Nfd5 24. Rxc8 Rxc8 25. Nc4 Qh6 26. f4 Nf6 27.
Qb2 Qh5 28. Rd2 Nc6 29. Bd3 Qg4+ 30. Kh1 Qh4 31. Nf3 Qh5 32. Ng1 Qd5+ 33. e4
Nxe4 34. Bxe4 Qxe4+ 35. Rg2 Bxg2+ 36. Qxg2 Qxg2+ 37. Kxg2 Rd8 38. Nf3 Rd3 39.
Nfd2 Nd4 40. h3 Nxb3 41. Nxb3 Rxb3 42. Nxa5 Rb4 43. Kg3 f5 0-1

[Event "2024 North Island Championships"]
[Site "Wellington NZL"]
[Date "2024.03.30"]
[Round "5.5"]
[White "Rains, Edward"]
[Black "Thurner, Anya"]
[Result "0-1"]
[WhiteElo "2041"]
[BlackElo "1809"]
[WhiteFideId "4302940"]
[BlackFideId "4307780"]

1. e4 e5 2. Bc4 Nc6 3. Nc3 Bc5 4. d3 d6 5. Nge2 Nf6 6. O-O Be6 7. Nd5 h6 8. c3
O-O 9. d4 exd4 10. cxd4 Bb6 11. Nxb6 axb6 12. d5 Ne5 13. Bb3 Bd7 14. f4 Ng6 15.
Ng3 Re8 16. Bc2 Bb5 17. Re1 c6 18. a4 cxd5 19. f5 Ne5 20. exd5 Bc4 21. b3 Bxd5
22. Ba3 Neg4 23. Qd2 Ne5 24. Rad1 b5 25. Qd4 bxa4 26. bxa4 Rc8 27. Bd3 Nxd3 28.
Rxe8+ Qxe8 29. Qxd3 Qxa4 30. Bxd6 Qc6 31. Be5 Bc4 32. Qd4 Ne8 33. Nh5 Be2 34.
Nxg7 Bxd1 35. Nxe8 Rxe8 36. h3 b6 37. Kh2 Qc5 38. Qxd1 Qxe5+ 0-1

[Event "2024 North Island Championships"]
[Site "Wellington NZL"]
[Date "2024.03.30"]
[Round "5.6"]
[White "Archer, Ollie"]
[Black "Gan, Emily Cathay"]
[Result "1/2-1/2"]
[WhiteElo "2004"]
[BlackElo "1793"]
[WhiteFideId "4317262"]
[BlackFideId "4310608"]

1. c4 Nf6 2. Nc3 g6 3. e4 d6 4. d4 Bg7 5. Be2 O-O 6. Be3 Nc6 7. d5 Ne5 8. h3 e6
9. Nf3 Nxf3+ 10. Bxf3 exd5 11. exd5 Re8 12. O-O Bf5 13. Nb5 a6 14. Nd4 Be4 15.
Be2 Nd7 16. Qd2 Qe7 17. Rfe1 Bf6 18. Bf1 c5 19. Ne2 Ne5 20. Ng3 Bf3 21. Bf4 Bh5
22. Nxh5 gxh5 23. Re3 Kh8 24. Rae1 Qd7 25. Qe2 Qf5 26. Bh2 Rg8 27. Kh1 Rad8 28.
f4 Ng6 29. Qd1 Bxb2 30. Bd3 Qf6 31. Qxh5 Bd4 32. Re7 Bf2 33. Bxg6 Rxg6 34. Re8+
Rxe8 35. Rxe8+ Kg7 36. Qd1 b5 37. g4 Qc3 38. cxb5 axb5 39. f5 Rh6 40. g5 Rxh3
41. f6+ Kg6 42. Qg4 Qf3+ 43. Qxf3 Rxf3 44. Rg8+ Kf5 45. Kg2 Kg4 46. Bxd6 Bd4
47. Rg7 Rf2+ 48. Kh1 1/2-1/2

[Event "2024 North Island Championships"]
[Site "Wellington NZL"]
[Date "2024.03.30"]
[Round "5.7"]
[White "Steele, Hayden"]
[Black "Loke, Kayden"]
[Result "0-1"]
[WhiteElo "1812"]
[BlackElo "1867"]
[WhiteFideId "4319176"]
[BlackFideId "4313186"]

1. e4 d6 2. d4 g6 3. Nc3 Bg7 4. Bc4 Nc6 5. Nf3 Na5 6. Be2 Bg4 7. h3 Bxf3 8.
Bxf3 c5 9. Be3 Nc4 10. Qd3 Nxb2 11. Qb5+ Kf8 12. Nd5 e6 13. Qxb2 exd5 14. Qxb7
cxd4 15. Bf4 Be5 16. Bxe5 dxe5 17. exd5 Qa5+ 18. Kf1 Rd8 19. Re1 f6 20. Rb1 Nh6
21. Rb5 Qa3 22. Qc7 Qd6 23. Qxa7 Rd7 24. Qa8+ Kg7 25. Qc6 Nf7 26. Rb7 Rxb7 27.
Qxb7 Rb8 28. Qxb8 Qxb8 29. Ke2 Qb5+ 30. Kd2 Nd6 0-1

[Event "2024 North Island Championships"]
[Site "Wellington NZL"]
[Date "2024.03.30"]
[Round "5.8"]
[White "Wang, Justin Zhide"]
[Black "Wilson, Dion A"]
[Result "1-0"]
[WhiteElo "1825"]
[BlackElo "1785"]
[WhiteFideId "4312830"]
[BlackFideId "4321413"]

1. e4 Nc6 2. Nf3 d6 3. d4 Nf6 4. Nc3 g6 5. Bb5 a6 6. Bxc6+ bxc6 7. O-O Bg7 8.
Re1 O-O 9. Bg5 h6 10. Be3 Ng4 11. Bd2 e5 12. dxe5 Nxe5 13. Nxe5 Bxe5 14. f4 Bg7
15. Be3 Rb8 16. Bd4 Bxd4+ 17. Qxd4 c5 18. Qd2 Rxb2 19. Nd5 Rb8 20. f5 Kh7 21.
Qc3 gxf5 22. exf5 Bxf5 23. Rf1 Qg5 24. h4 Qg6 25. Nf6+ Kg7 26. Rxf5 Qxf5 27.
Ne8+ Kg6 28. Qg7+ Kh5 29. Nf6+ Kxh4 30. Qxh6+ Kg3 31. Qh2# 1-0

[Event "2024 North Island Championships"]
[Site "Wellington NZL"]
[Date "2024.03.31"]
[Round "5.10"]
[White "Christie, Richie"]
[Black "Wells, Clinton A"]
[Result "1/2-1/2"]
[WhiteElo "1906"]
[BlackElo "1765"]
[PlyCount "31"]
[EventDate "2024.03.29"]

1. d4 Nf6 2. Nc3 d5 3. Bf4 h6 4. e3 Bf5 5. f3 e6 6. g4 Bg6 7. h4 h5 8. g5 Nfd7
9. Bd3 Bxd3 10. Qxd3 c5 11. e4 cxd4 12. Qxd4 e5 13. Qxd5 exf4 14. Qxb7 Qb6 15.
Qc8+ Qd8 16. Qb7 1/2-1/2

[Event "2024 North Island Championships"]
[Site "Wellington NZL"]
[Date "2024.03.31"]
[Round "5.11"]
[White "Coates, Alex"]
[Black "Cummings, Nick"]
[Result "1/2-1/2"]
[WhiteElo "1721"]
[BlackElo "1899"]
[PlyCount "27"]
[EventDate "2024.03.29"]

1. d4 f5 2. c4 e6 3. Nc3 Nf6 4. Nf3 Bb4 5. Qc2 Ne4 6. h4 O-O 7. a3 Bxc3+ 8.
bxc3 b6 9. Bf4 Bb7 10. e3 d6 11. Ng5 Qe8 12. f3 e5 13. fxe4 exf4 14. d5 1/2-1/2

[Event "2024 North Island Championships"]
[Site "Wellington NZL"]
[Date "2024.03.31"]
[Round "5.13"]
[White "Chang, Luke"]
[Black "Malcolm, Aidan"]
[Result "1-0"]
[WhiteElo "1866"]
[BlackElo "1744"]
[WhiteFideId "4325605"]
[BlackFideId "4315073"]
[PlyCount "0"]
[EventDate "2024.03.29"]
[SourceDate ""]

1. e4 c5 2. Nf3 d6 3. d4 cxd4 4. Nxd4 Nf6 5. Nc3 g6 6. Be3 Bg7 7. f3 O-O 8. Qd2
Nc6 9. Bc4 Bd7 10. O-O-O Rc8 11. Bb3 Ne5 12. h4 h5 13. Bh6 Rc5 14. Bxg7 Kxg7
15. Nd5 b5 16. Nxf6 Kxf6 17. g4 Rh8 18. gxh5 Rxh5 19. f4 Nc4 20. Qf2 Qc7 21. f5
gxf5 22. Bxc4 bxc4 23. Qf3 f4 24. Qxf4+ Kg7 25. Rdf1 f6 26. Rhg1+ Kf7 27. Qg3
1-0

[Event "2024 North Island Championships"]
[Site "Wellington NZL"]
[Date "2024.03.31"]
[Round "5.14"]
[White "Sethuramalingam, Karthik"]
[Black "Benitez, Edgar"]
[Result "1/2-1/2"]
[WhiteElo "1672"]
[BlackElo "1855"]

1. d4 d5 2. c4 e6 3. Nf3 Nf6 4. g3 c6 5. Bg2 dxc4 6. a4 Bb4+ 7. Bd2 Qa5 8. Ne5
Bxd2+ 9. Nxd2 c3 10. Ndc4 Qc7 11. bxc3 Nbd7 12. Nd3 O-O 13. O-O b6 14. a5 Rb8
15. Nce5 Nxe5 16. Nxe5 Bd7 17. axb6 axb6 18. Ra6 Nd5 19. c4 Nb4 20. Ra4 c5 21.
Nxd7 Qxd7 22. dxc5 Qxd1 23. Rxd1 bxc5 24. Ra7 g6 25. Rdd7 Rbc8 26. Rac7 Rxc7
27. Rxc7 Na6 28. Rc6 Ra8 29. Rxc5 Nxc5 30. Bxa8 Kf8 31. Kg2 Ke7 32. Kf3 e5 33.
e4 f6 34. Ke3 Kd6 35. Bd5 g5 36. f4 h6 37. fxg5 fxg5 38. Kf3 Ke7 39. Kg4 Kf6
40. Kf3 Ke7 41. h3 Kf6 42. Ke3 Ke7 43. Kd2 Kd6 44. Kc2 Kc7 45. Kc3 Kd6 46. Kb4
Nd3+ 47. Kb5 Nc5 48. Kb6 Nd3 49. Kb7 Nf2 50. h4 gxh4 51. gxh4 Nd3 52. Kc8 Nf4
53. Kd8 h5 54. Ke8 Ng6 55. Bf7 Nxh4 56. Bxh5 Ng2 57. Bf7 Nf4 58. Kf8 Nd3 59.
Kg7 Kc5 60. Kf6 Kd4 61. Bd5 Nc5 62. Kg5 Nd3 63. Kg4 Nc5 64. Kf3 Nd3 65. Kg4 Nb2
66. Kf3 Nd3 1/2-1/2

[Event "2024 North Island Championships"]
[Site "Wellington NZL"]
[Date "2024.03.31"]
[Round "5.16"]
[White "Brockway, Andrew"]
[Black "Weng, Winston"]
[Result "0-1"]
[WhiteElo "1698"]
[BlackElo "1988"]
[EventDate "2024.03.31"]
[PlyCount "96"]

1. e4 c5 2. Nc3 g6 3. f4 Bg7 4. Nf3 Nc6 5. Bb5 Nd4 6. O-O a6 7. Bc4 b5 8. Bd5
Ra7 9. d3 e6 10. Bb3 Bb7 11. Nxd4 cxd4 12. Ne2 Ne7 13. Qe1 a5 14. a3 a4 15. Ba2
Qc7 16. c3 dxc3 17. bxc3 O-O 18. Kh1 f5 19. Nd4 Bxd4 20. cxd4 fxe4 21. dxe4 Qc6
22. d5 Qd6 23. Qc3 Rc8 24. Qd4 Nc6 25. Qe3 Ra6 26. dxc6 Raxc6 27. Bd2 Rc2 28.
Bb4 Qc6 29. Bb1 Rb2 30. Bd3 Rb3 31. Rfc1 Rxd3 32. Rxc6 Rxe3 33. Rxc8+ Bxc8 34.
Re1 Rb3 35. Kg1 Bb7 36. Kf2 Rb2+ 37. Kf3 d5 38. exd5 Bxd5+ 39. Ke3 Rxg2 40. Re2
Rg1 41. Rf2 Rc1 42. Kd4 Kf7 43. Ke5 Rc4 44. Re2 Bc6 45. Re3 Bd5 46. Re2 Rc1 47.
Rf2 Rb1 48. Rd2 Rb3 0-1

[Event "2024 North Island Championships"]
[Site "Wellington NZL"]
[Date "2024.03.31"]
[Round "5.17"]
[White "Malcolm, Leo"]
[Black "Campbell, Cazna"]
[Result "1-0"]
[WhiteElo "1794"]
[BlackElo "1717"]
[PlyCount "123"]
[EventDate "2024.03.29"]

1. e4 c6 2. d4 d5 3. e5 c5 4. dxc5 e6 5. Qg4 h5 6. Qf4 Bxc5 7. Bd3 Nc6 8. Nf3
Nb4 9. Bb5+ Bd7 10. Ng5 Nh6 11. Bxd7+ Qxd7 12. Na3 Nf5 13. Bd2 Qe7 14. O-O O-O
15. Qf3 g6 16. Qf4 a6 17. Nf3 Rfd8 18. g4 hxg4 19. Qxg4 Qf8 20. c3 Nc6 21. Nc2
d4 22. cxd4 Ncxd4 23. Ncxd4 Nxd4 24. Ng5 Nc6 25. Qh4 Qg7 26. Ne4 Be7 27. Nf6+
Bxf6 28. exf6 Qh8 29. Bh6 Rd5 30. Qf4 Rf5 31. Qe3 Qxf6 32. f4 Rh5 33. Bg5 Qxb2
34. h4 Qd4 35. Kf2 Kg7 36. Rfd1 Qxe3+ 37. Kxe3 Rhh8 38. Rd7 Rab8 39. Rad1 Rhe8
40. Rc7 Rec8 41. Rcd7 Nb4 42. Ke4 Nd5 43. Ke5 Rc2 44. a3 Rc3 45. h5 gxh5 46. f5
Rc7 47. fxe6 Rxd7 48. exd7 f6+ 49. Kxd5 fxg5 50. Ke6 Rd8 51. Rf1 g4 52. Ke7
Rxd7+ 53. Kxd7 Kg6 54. Ke6 h4 55. Ke5 b5 56. Kf4 Kh5 57. Rg1 g3 58. Kf3 Kg5 59.
a4 b4 60. a5 Kf5 61. Rb1 Ke5 62. Rxb4 1-0

[Event "2024 North Island Championships"]
[Site "Wellington NZL"]
[Date "2024.03.31"]
[Round "5.20"]
[White "Joseph, Joji Chacko"]
[Black "Ashe, Michael"]
[Result "1/2-1/2"]
[WhiteElo "1554"]
[BlackElo "1678"]
[WhiteFideId "4308816"]
[BlackFideId "4310462"]
[PlyCount "0"]
[EventDate "2024.03.29"]
[SourceDate ""]

1. d4 Nf6 2. Bf4 d5 3. e3 Bf5 4. Bd3 Bxd3 5. Qxd3 e6 6. Nd2 Bd6 7. Bg3 Bxg3 8.
hxg3 Qd6 9. Ngf3 Nbd7 10. O-O-O O-O-O 11. Ng5 Qe7 12. Nxh7 Ng4 13. Rdf1 f5 14.
Nf3 g6 15. Nfg5 Ndf6 16. f3 Nxh7 17. Nxh7 Rxh7 18. fxg4 Rxh1 19. Rxh1 Qg5 20.
gxf5 gxf5 21. Rh3 Rg8 22. Qe2 Qd8 23. c4 Rg4 24. c5 c6 25. Qf3 1/2-1/2

[Event "2024 North Island Championships"]
[Site "Wellington NZL"]
[Date "2024.03.31"]
[Round "5.25"]
[White "Sova, Leo"]
[Black "Gu, Claire Yuqi"]
[Result "1-0"]
[WhiteElo "1583"]
[BlackElo "1431"]
[PlyCount "89"]
[EventDate "2024.03.29"]

1. e4 e5 2. Nf3 Nc6 3. Bc4 Bc5 4. c3 Nf6 5. d3 h6 6. b4 Bb6 7. O-O O-O 8. Re1
d6 9. Nbd2 Ng4 10. Re2 Kh8 11. h3 Nf6 12. a4 a6 13. Bb2 Nh7 14. Nf1 f5 15. Ne3
fxe4 16. dxe4 Ng5 17. Nxg5 Qxg5 18. g4 Rf3 19. Kg2 Rf8 20. Qd2 Bxe3 21. Qxe3
Rf4 22. Qg3 Bxg4 23. Re3 Raf8 24. Rf1 Rf3 25. Qxg4 Qxg4+ 26. hxg4 R3f4 27. f3
g5 28. Be6 R4f6 29. Bd5 Rb8 30. Bxc6 bxc6 31. Rb1 Rff8 32. Bc1 a5 33. Bd2 axb4
34. cxb4 c5 35. b5 Rb7 36. Reb3 Ra8 37. a5 Rbb8 38. a6 Ra7 39. Ba5 Kg7 40. Bxc7
Rxc7 41. b6 Rcc8 42. b7 Rxb7 43. Rxb7+ Kf6 44. Rb8 Rc7 45. R1b7 1-0

[Event "2024 North Island Championships"]
[Site "Wellington NZL"]
[Date "2024.03.31"]
[Round "5.26"]
[White "Addagada, Geetham"]
[Black "Barry, Jacob"]
[Result "0-1"]
[WhiteElo "920"]
[BlackElo "1582"]
[PlyCount "66"]
[EventDate "2024.03.29"]

1. d4 Nf6 2. Nc3 e6 3. Bf4 d5 4. e3 Bb4 5. Bd3 Nbd7 6. Ne2 b6 7. a3 Bxc3+ 8.
Nxc3 a6 9. Ne2 Bb7 10. f3 Qe7 11. Bxc7 Rc8 12. Bg3 e5 13. O-O b5 14. Qd2 e4 15.
fxe4 dxe4 16. Bxb5 axb5 17. Nc3 Ba6 18. Rf5 g6 19. Rf4 O-O 20. Bh4 Qd6 21. Raf1
b4 22. Bxf6 bxc3 23. bxc3 Bxf1 24. Bh4 Bb5 25. Rxe4 Qxa3 26. h3 Qxc3 27. Qf2
Qxc2 28. Qf4 Qc1+ 29. Kh2 Qc7 30. Re5 Nxe5 31. dxe5 Qc2 32. Bf6 Bc6 33. Qh6
Qxg2# 0-1

[Event "2024 North Island Championships"]
[Site "Wellington NZL"]
[Date "2024.03.31"]
[Round "5.31"]
[White "Bohme, Alex"]
[Black "Hampshire, Thomas"]
[Result "0-1"]
[WhiteElo "1301"]
[BlackElo "1640"]
[PlyCount "50"]
[EventDate "2024.03.29"]

1. d4 Nf6 2. c4 e6 3. Nc3 Bb4 4. Nf3 c5 5. a3 Bxc3+ 6. bxc3 O-O 7. Bf4 d5 8. e3
Nc6 9. Be2 b6 10. cxd5 Nxd5 11. Qa4 Bb7 12. Qb3 Nxf4 13. exf4 cxd4 14. Rd1 Qf6
15. cxd4 Rfd8 16. Qe3 Rd6 17. O-O Rad8 18. d5 Rxd5 19. Rxd5 Rxd5 20. Ng5 Nd4
21. Bc4 Rd6 22. Bd3 Nf5 23. Bxf5 Qxf5 24. Rc1 Qd5 25. Qf3 Qd2 0-1

[Event "2024 North Island Championships"]
[Site "Wellington NZL"]
[Date "2024.03.31"]
[Round "6.1"]
[White "Ker, Anthony F"]
[Black "Croad, Nicolas"]
[Result "1-0"]
[WhiteElo "2217"]
[BlackElo "2209"]
[WhiteFideId "4300084"]
[BlackFideId "4300793"]

1. e4 e5 2. d4 exd4 3. Nf3 Nc6 4. Bc4 Nf6 5. e5 d5 6. Bb5 Ne4 7. Nxd4 Bc5 8.
Be3 Bd7 9. Bxc6 bxc6 10. O-O Bb6 11. f3 Nc5 12. f4 O-O 13. Nd2 Na4 14. Qf3 f6
15. Qg3 Qe8 16. Rae1 fxe5 17. fxe5 Rxf1+ 18. Nxf1 Qg6 19. Qxg6 hxg6 20. e6 Be8
21. b3 Nc3 22. a4 Ne4 23. Ng3 Nd6 24. Nf3 c5 25. Ne5 c4 26. Bxb6 axb6 27. Rd1
cxb3 28. cxb3 c6 29. Ne2 Rc8 30. h4 Ne4 31. Nf4 Kh7 32. g4 g5 33. hxg5 Nxg5 34.
Kg2 g6 35. Rc1 Kg7 36. Nxd5 Rd8 37. Nxb6 Rd2+ 38. Kf1 Kf6 39. Nbc4 Rh2 40. Kg1
Ra2 41. Rc3 Kxe6 42. Re3 Kd5 43. Nd3 Kd4 44. Nb4 Ra1+ 45. Kg2 Rb1 46. Nc2+ Kd5
1-0

[Event "2024 North Island Championships"]
[Site "Wellington NZL"]
[Date "2024.03.31"]
[Round "6.2"]
[White "Dive, Russell J"]
[Black "Loke, Kayden"]
[Result "0-1"]
[WhiteElo "2192"]
[BlackElo "1867"]
[WhiteFideId "4300106"]
[BlackFideId "4313186"]

1. Nf3 Nf6 2. g3 g6 3. Bg2 Bg7 4. O-O O-O 5. c4 e6 6. d4 d5 7. Nc3 Nbd7 8. cxd5
exd5 9. Bf4 c6 10. b4 Nb6 11. b5 Nh5 12. Bg5 Qd6 13. bxc6 bxc6 14. Na4 h6 15.
Bc1 Qb4 16. Nc5 Nc4 17. e3 Rb8 18. Bd2 Qa3 19. Qc1 Be6 20. Qxa3 Nxa3 21. Rfc1
Rfc8 22. Nxe6 fxe6 23. Bh3 Kf7 24. g4 Nf6 25. Ne5+ Ke8 26. Nxc6 Rb2 27. Be1 Nc2
28. Ne5 Rcb8 29. Nd3 Nxa1 30. Nxb2 Rxb2 31. Rxa1 g5 32. a4 Bf8 33. Rc1 Bd6 34.
Bf1 Nxg4 35. Bb5+ Ke7 36. h3 Nf6 37. Kg2 h5 38. Rc8 g4 39. Ra8 Ne4 40. Rxa7+
Kf6 41. hxg4 hxg4 42. Bd3 Nxf2 43. Bc3 Rb3 44. Kxf2 Rxc3 45. Be2 {time forfeit}
0-1

[Event "2024 North Island Championships"]
[Site "Wellington NZL"]
[Date "2024.03.31"]
[Round "6.3"]
[White "Winter, Ryan"]
[Black "Winsley, Nicholas"]
[Result "1-0"]
[WhiteElo "2037"]
[BlackElo "1871"]
[WhiteFideId "4306295"]
[BlackFideId "4315146"]

1. e4 c6 2. d4 d5 3. e5 Bf5 4. Nf3 e6 5. Be2 h6 6. O-O Qb6 7. Nbd2 c5 8. c4 Ne7
9. dxc5 Qxc5 10. Nb3 Qc8 11. Nbd4 Be4 12. Nd2 Nec6 13. Nxe4 dxe4 14. Bf4 g5 15.
Bg3 Bg7 16. Nb5 O-O 17. Nd6 Qc7 18. Nxe4 Nxe5 19. f4 gxf4 20. Bxf4 f5 21. Ng3
Qb6+ 22. Kh1 Ng6 23. Bd6 Rd8 24. c5 Qxb2 25. Rb1 Qd4 26. Qb3 1-0

[Event "2024 North Island Championships"]
[Site "Wellington NZL"]
[Date "2024.03.31"]
[Round "6.4"]
[White "Young, Cohen"]
[Black "Wang, Justin Zhide"]
[Result "1/2-1/2"]
[WhiteElo "1914"]
[BlackElo "1825"]
[WhiteFideId "4317440"]
[BlackFideId "4312830"]

1. Nf3 e6 2. c4 Nf6 3. e3 Be7 4. Nc3 d5 5. b3 O-O 6. Bb2 b6 7. cxd5 exd5 8. d4
Bg4 9. h3 Bh5 10. g4 Bg6 11. Ne5 c6 12. h4 h5 13. Nxg6 fxg6 14. Qd3 Qe8 15. Be2
Bb4 16. O-O-O Bxc3 17. Bxc3 Nbd7 18. Rdf1 c5 19. g5 Ne4 20. Be1 Qe6 21. Kb2
Rac8 22. f3 Nd6 23. e4 c4 24. bxc4 Nxc4+ 25. Ka1 b5 26. exd5 Qxd5 27. Qe4 Qd6
28. Bc3 Rfe8 29. Bxc4+ bxc4 30. Qc2 Nb6 1/2-1/2

[Event "2024 North Island Championships"]
[Site "Wellington NZL"]
[Date "2024.03.31"]
[Round "6.5"]
[White "Thurner, Anya"]
[Black "Van der Hoorn, Thomas"]
[Result "1/2-1/2"]
[WhiteElo "1809"]
[BlackElo "1874"]
[WhiteFideId "4307780"]
[BlackFideId "4314565"]

1. e4 d5 2. exd5 Qxd5 3. Nc3 Qd8 4. d4 Nf6 5. Nf3 Bg4 6. Be2 e6 7. h3 Bxf3 8.
Bxf3 c6 9. O-O Nbd7 10. Ne4 Nxe4 11. Bxe4 Nf6 12. Bf3 Qc7 13. c3 Bd6 14. Qc2
O-O 15. Be3 Nd5 16. Rfe1 Rfd8 17. Rad1 a5 18. a4 Bh2+ 19. Kh1 Bf4 20. Bxd5 Rxd5
21. Qb3 Bxe3 22. fxe3 Rad8 23. e4 R5d6 24. Re2 g6 25. Red2 R6d7 26. Kg1 Qf4 27.
Qc2 h5 28. Rf2 Qe3 29. Kh1 Qg5 30. Rfd2 1/2-1/2